000 00352nam a2200145Ia 4500
008 150201s1999 xx 000 0 und d
082 _a612.015
_bV1999M
100 _aVARUN KUMAR
245 _aVIVA IN BIOCHEMISTRY
250 _a4TH
260 _bJAYPEE MEDICAL PUBLISHER
_aDELHI
_c1999
300 _a1-110
650 _aBIOCHEMISTRY
942 _2ddc
_cBK
999 _c2533
_d2533